000 00352nam a22001337a 4500
003 SGT
020 _a9789352294602
082 _a891.4309
_bK16P
100 _aपोखरियाल, रमेश
245 _aकथाएँ पहाड़ों की
260 _bवाणी प्रकाशन
_c2016
300 _a247
942 _2ddc
_cBK
999 _c31241
_d31241